Normal view
MARC view
Entry Personal Name
001 - CONTROL NUMBER
- control field: 33767
003 - CONTROL NUMBER IDENTIFIER
- control field: ARRUPE
005 - DATE AND TIME OF LATEST TRANSACTION
- control field: 20170727125539.0
008 - FIXED-LENGTH DATA ELEMENTS
- fixed length control field: 170727|| aca||aabn | a|a d
040 ## - CATALOGING SOURCE
- Original cataloging agency: ARRUPE
- Transcribing agency: ARRUPE
100 ## - HEADING--PERSONAL NAME
- Personal name: Darwin, Charles,
- Dates associated with a name: 1809-1882
- General subdivision: Influence.
670 ## - SOURCE DATA FOUND
- Source citation: Work cat.: (ARRUPE)18140: Cunningham, Suzanne. 2348, Philosophy and the Darwinian legacy /, 1996.